[Event "Holger Blomstrand's op"]
[Site "Goeteborg"]
[Date "1997.08.10"]
[Round "2"]
[White "Ziegler, Ari"]
[Black "Moberg, Karl Johan"]
[Result "1-0"]
[WhiteElo "2440"]
[BlackElo "2320"]

1.d4 Nf6 2.Bg5 Ne4 3.h4 d5 4.Nd2 Nxg5 5.hxg5 c5 6.e3 Nc6 7.dxc5 e5 8.Nb3 Bxc5
9.Nxc5 Qa5+ 10.c3 Qxc5 11.Bd3 Be6 12.g6 O-O-O 13.Rxh7 fxg6 14.Rxh8 Rxh8 15.Qd2 Rh2
16.Bf1 Kb8 17.b4 Qd6 18.a3 Rh8 19.O-O-O Rd8 20.Bb5 a6 21.Bxc6 Qxc6 22.Kb2 d4
23.exd4 Qc4 24.Kc1 exd4 25.Ne2 d3 26.Qf4+ Ka8 27.Qxc4 Bxc4 28.Ng3 Kb8 29.Kd2 Re8
30.Re1 Rh8 31.Rh1 Re8 32.f3 Kc7 33.Ne4 Kc6 34.a4 Bb3 35.a5 Bc4 36.Rh7 Re7
37.Rh8 Bd5 38.Kxd3 Bxe4+ 39.fxe4 Rd7+ 40.Ke2 Kd6 41.Re8 Rc7 42.Kd3 Kd7 43.Re5 Rc6
44.c4 Kd6 45.Kd4 Kd7 46.Rd5+ Ke6 47.e5 Rc7 48.g4 Ke7 49.Rd6  1-0

[Event "EU-ch U20"]
[Site "Tallinn"]
[Date "1997.09.14"]
[Round "5"]
[White "Dumitrescu, Dragos"]
[Black "Hunt, Harriet"]
[Result "0-1"]
[WhiteElo "2410"]
[BlackElo "2360"]

1.d4 Nf6 2.Bg5 Ne4 3.Bh4 c5 4.f3 g5 5.fxe4 gxh4 6.e3 Bh6 7.Kf2 cxd4 8.exd4 e5
9.Nf3 Nc6 10.Bb5 exd4 11.Nxd4 Qb6 12.Bxc6 dxc6 13.Nc3 Be6 14.Na4 Qa5 15.c3 O-O-O
16.b4 Qg5 17.Re1 Rhg8 18.Qf3 Rg6 19.Nxe6 Rd2+ 20.Re2 Rxe2+ 21.Kxe2 fxe6 22.Rd1 Rf6
23.Qh3 b6 24.Nb2 Qf4 25.Qf3 Qg5 26.Qh3 Kc7 27.Nd3 Qh5+ 28.g4 Qg5 29.a4 Rf7
30.Nf2 Qf6 31.Nd3 Qxc3 32.Qxh4 Qc2+ 33.Ke1 Qc3+ 34.Ke2 Qc2+ 35.Ke1 Bf8 36.g5 Bxb4+
37.Nxb4 Qc3+ 38.Ke2 Qf3+ 39.Ke1 Qe3+  0-1

[Event "EU-ch U20"]
[Site "Tallinn"]
[Date "1997.09.18"]
[Round "9"]
[White "Dumitrescu, Dragos"]
[Black "Rowson, Jonathan"]
[Result "0-1"]
[WhiteElo "2410"]
[BlackElo "2490"]

1.d4 Nf6 2.Bg5 Ne4 3.Bh4 c5 4.f3 g5 5.fxe4 gxh4 6.e3 Bh6 7.Qd3 Nc6 8.c3 cxd4
9.exd4 Qb6 10.b3 e5 11.d5 Ne7 12.Nd2 d6 13.Qb5+ Bd7 14.Qxb6 axb6 15.Ngf3 h3
16.g3 O-O 17.Nc4 Nc8 18.Bd3 f5 19.O-O fxe4 20.Bxe4 b5 21.Ncd2 Nb6 22.a3 Be3+
23.Kh1 Rac8 24.Rac1 Bg4 25.Rc2 Nd7 26.c4 Nc5 27.Re1 Nxe4 28.Rxe3 Nxd2 29.Nxd2 Rf2
30.Re1 bxc4 31.Rec1 Bf5  0-1

[Event "RUS-ch (Women)"]
[Site "Elista"]
[Date "1997.09.19"]
[Round "1"]
[White "Zaitseva, Ludmila G"]
[Black "Minogina, Tanam"]
[Result "1-0"]
[WhiteElo "2360"]
[BlackElo "2255"]

1.d4 Nf6 2.Bg5 Ne4 3.Bf4 d5 4.e3 c5 5.Nd2 Qa5 6.c3 Nxd2 7.Qxd2 Bf5 8.Nf3 e6
9.dxc5 Qxc5 10.Nd4 Bg6 11.Bxb8 Rxb8 12.Bb5+ Kd8 13.Be2 Bd6 14.Nb5 Ke7 15.Nxd6 Qxd6
16.Qd4 Qb6 17.Qxb6 axb6 18.f3 Rbc8 19.Kf2 Rc5 20.Rhd1 Rhc8 21.Rd4 e5 22.Rd2 f6
23.Rad1 Rd8 24.c4 Ra5 25.cxd5 Rxa2 26.d6+ Kf8 27.Rc1 Ra7 28.Rc7 Bf7 29.f4 exf4
30.exf4 Ra4 31.g3 g5 32.fxg5 fxg5 33.Rxb7 Rb4 34.Bf3 h5 35.Bc6 h4 36.gxh4 gxh4
37.Ke3 Be6 38.Rh7 h3 39.Rh8+ Bg8 40.Bd5 Rxd6 41.Rxg8+ Ke7 42.Rh8 Kf6 43.Rxh3 Rd8
44.Rh6+ Kg5 45.Re6 Kf5 46.Re4  1-0

[Event "ESP-ch"]
[Site "Torrevieja"]
[Date "1997.09.30"]
[Round "2"]
[White "Martinez Rodriguez, Pablo"]
[Black "Fernandez Garcia, Jose L"]
[Result "1/2-1/2"]
[WhiteElo "2220"]
[BlackElo "2465"]

1.d4 Nf6 2.Bg5 Ne4 3.h4 c6 4.Nd2 Qa5 5.Nf3 d5 6.c3 h6 7.Bf4 Bf5 8.Qb3 Qb6
9.Nxe4 Bxe4 10.Nd2 Bh7 11.g4 Nd7 12.g5 e6 13.Bg2 c5 14.e4 cxd4 15.cxd4 Bb4
16.exd5 e5 17.O-O Qxd4 18.Be3 Qxh4 19.Nf3 Qg4 20.Nh2 Qh4 21.Nf3  1/2-1/2

[Event "POL-chT"]
[Site "Krynica"]
[Date "1997.10.01"]
[Round "7"]
[White "Okuniewski, Boguslaw"]
[Black "Kempinski, Robert"]
[Result "0-1"]
[WhiteElo "2265"]
[BlackElo "2530"]

1.d4 Nf6 2.Bg5 Ne4 3.h4 c5 4.Nc3 Qa5 5.e3 Nxc3 6.Qd2 f6 7.Bf4 cxd4 8.Bxb8 dxe3
9.fxe3 Rxb8 10.bxc3 e6 11.Nf3 Qc7 12.Bd3 Qg3+ 13.Kf1 Bc5 14.Nd4 d5 15.Re1 O-O
16.c4 Bb6 17.Rh3 Qc7 18.cxd5 exd5 19.Rf3 Ba5  0-1

[Event "AUT-chT 9798"]
[Site "Austria"]
[Date "1997.10.12"]
[Round "1"]
[White "Duer, Werner"]
[Black "Danner, Georg"]
[Result "1/2-1/2"]
[WhiteElo "2330"]
[BlackElo "2415"]

1.d4 Nf6 2.Bg5 Ne4 3.Bf4 c5 4.f3 Qa5+ 5.c3 Nf6 6.Nd2 cxd4 7.Nb3 Qb6 8.Qxd4 Qxd4
9.cxd4 d5 10.e3 Nc6 11.Bd3 g6 12.Ne2 Bf5 13.Bb5 Bd7 14.Nc5 a6 15.Nxd7 Nxd7
16.Bxc6 bxc6 17.Rc1 Rc8 18.Nc3 Nb6 19.Kf2 e6 20.Be5 Rg8 21.b3 Be7 22.Rc2 f6
23.Bg3 Kd7 24.Ne2 c5 25.Rhc1 c4 26.bxc4 Nxc4 27.Rb1 Bd6 28.Rb7+ Rc7 29.Rxc7+ Bxc7
30.Bxc7 Kxc7 31.Rc3 Rb8 32.Rb3 Rxb3 33.axb3 Na5 34.Nc1 e5 35.Ke2 Nc6 36.Kd3 Kd6
37.Kc3 Ne7 38.g4 h5  1/2-1/2

[Event "AUT-chT 9798"]
[Site "Austria"]
[Date "1997.10.12"]
[Round "1"]
[White "Casagrande, Harald"]
[Black "Muse, Mladen"]
[Result "1/2-1/2"]
[WhiteElo "2345"]
[BlackElo "2460"]

1.d4 Nf6 2.Bg5 Ne4 3.h4 c5 4.d5 Qb6 5.Qc1 c4 6.e3 e5 7.dxe6 dxe6 8.Bf4 Nc6
9.Nf3 e5 10.Bh2 Be6 11.c3 f6 12.Nbd2 Nd6 13.Be2 Be7 14.h5 O-O 15.e4 Nd8 16.Nh4 Qc6
17.Qc2 N8f7 18.f3 Ng5 19.g4 Bd8 20.Bg1 Bb6 21.Bxb6 Qxb6 22.O-O-O Qc5 23.Nf1 b5
24.Qd2 Rfd8 25.Qe3 Qc7 26.Ng3 a5 27.Ngf5 Bxf5 28.gxf5 b4 29.Rd5 Ngf7 30.Rhd1 Rdc8
31.h6 bxc3 32.bxc3 Rab8 33.Qg1 Ne8 34.Rd7 Qb6 35.Qxb6 Rxb6 36.hxg7 Kxg7 37.R1d5 Rcb8
38.Kd2 Rb1 39.Rxa5 R8b2+ 40.Ke3 Re1 41.Rd2 Rxd2 42.Kxd2 Rh1 43.Ng2 h5 44.Bxc4 Rh2
45.Bf1 h4 46.Kd3 h3 47.Ne3 Ng5 48.Ra7+ Kf8 49.c4 Nxf3 50.Bxh3 Ne1+ 51.Kc3 Rxh3
52.Kd2 Nd6 53.Ra8+ Kf7 54.Ra7+ Ke8 55.Nd5 Nf3+ 56.Kc3 Nd4+ 57.Kb4 Nc6+ 58.Kc5 Nxa7
59.Kxd6 Kf7 60.a4 Rh4 61.Nc3 Rh1 62.Nb5 Nc8+ 63.Kc7 Rc1 64.Kxc8 Rxc4+ 65.Kd7 Rxa4
66.Nd6+ Kf8 67.Ke6 Ra6 68.Kd7 Kg7 69.Ke7 Kh6 70.Ne8 Kg5 71.Kf7 Ra4 72.Ke6 Rxe4
73.Nxf6 Re1 74.Nd5 e4 75.f6 Kh6 76.Kf5 e3 77.Ke4 e2 78.Nf4 Kg5 79.f7 Rf1
80.Nxe2 Rxf7  1/2-1/2

[Event "AUT-chT 9798"]
[Site "Austria"]
[Date "1997.10.13"]
[Round "2"]
[White "Loebler, Heimo"]
[Black "Schweda, Roland"]
[Result "0-1"]
[WhiteElo "2255"]
[BlackElo "2370"]

1.d4 Nf6 2.Bg5 Ne4 3.h4 d5 4.Nd2 Nxd2 5.Qxd2 c6 6.O-O-O Bf5 7.f3 h6 8.Bf4 e6
9.g4 Bh7 10.e3 Bd6 11.Bd3 Bxd3 12.Qxd3 Qc7 13.Bxd6 Qxd6 14.Qb3 Nd7 15.Qxb7 O-O
16.Qa6 Rfb8 17.Ne2 Rb6 18.Qd3 Rab8 19.g5 Rxb2 20.gxh6 gxh6 21.Rdg1+ Kf8 22.Nc3 Qa3
23.Kd2 c5 24.Rc1 Qa5 25.Ke2 R8b4 26.Kf2 Rc4 27.Ne2 Rxa2 28.Qh7 cxd4 29.exd4 Ke7
30.Rhe1 Qc7 31.Qxh6 Rcxc2 32.Rxc2 Rxc2 33.h5 Qh2+ 34.Ke3 Nf6 35.Qf4 Qxh5
36.Ra1 Nd7 37.Rxa7 Rc8 38.Rb7 Ke8 39.Qg3 Qh6+ 40.Kf2 Qh7 41.Qd6 Qh4+ 42.Ke3 Qe7
43.Qg3 Qf8 44.Kf2 Qh8 45.Qd6 Rd8 46.Ke3 Qf6 47.Ra7 Qe7 48.Qg3 Qb4 49.Qg8+ Qf8
50.Qg5 Qe7 51.Qg8+ Qf8 52.Qg5 Nb6 53.Kf2 Rd7 54.Ra6 Rb7 55.Ra1 Qe7 56.Qg3 Kd7
57.Rb1 Kc6 58.Qg8 Qc7 59.Qe8+ Qd7 60.Qf8 Qe7 61.Qh8 Nc4 62.Qc8+ Qc7 63.Qe8+ Kd6
64.Ra1 Rb8 65.Ra6+ Nb6 66.Qa4 Ke7 67.Qb4+ Kf6 68.Qd2 Qh2+ 69.Kf1 Nc4 70.Qf4+ Qxf4
71.Nxf4 Kf5 72.Ne2 Rb3 73.Kf2 Nd2 74.f4 Ne4+ 75.Kg2 Re3 76.Ra2 Nc3 77.Nxc3 Rxc3
78.Ra7 f6 79.Ra1 Rd3 80.Ra4 Kxf4  0-1

[Event "London"]
[Site "London"]
[Date "1997.10.24"]
[Round "9"]
[White "Wells, Peter K"]
[Black "Shaked, Tal"]
[Result "1/2-1/2"]
[WhiteElo "2530"]
[BlackElo "2500"]

1.d4 Nf6 2.Bg5 Ne4 3.Bf4 c5 4.f3 Qa5+ 5.c3 Nf6 6.Nd2 cxd4 7.Nb3 Qb6 8.Qxd4 Nc6
9.Qxb6 axb6 10.Nd4 e5 11.Nxc6 exf4 12.Nd4 Bc5 13.g3 Nd5 14.gxf4 Ne3 15.Kd2 Nxf1+
16.Rxf1 Rxa2 17.Kc2 d6 18.e4 Be6 19.Nge2 Ke7 20.Ra1 Rha8 21.Rxa2 Rxa2 22.Rd1 g6
23.h4 Ra8 24.h5 Bc4 25.Nc1  1/2-1/2

[Event "Hellir op"]
[Site "Reykjavik"]
[Date "1997.10.31"]
[Round "8"]
[White "Engqvist, Thomas"]
[Black "Jensson, Einar Hjalti"]
[Result "1-0"]
[WhiteElo "2355"]
[BlackElo "2225"]

1.d4 Nf6 2.Bg5 Ne4 3.Bf4 d5 4.Nd2 Nd6 5.e3 e6 6.Bd3 Be7 7.Ngf3 b6 8.c3 O-O
9.Qc2 h6 10.Ne5 Bb7 11.O-O Nd7 12.Rad1 c5 13.Qa4 Nxe5 14.Bxe5 Qe8 15.Qc2 a5
16.dxc5 bxc5 17.e4 dxe4 18.Nxe4 Qc6 19.f3 Nf5 20.Qe2 Rfd8 21.Nd2 Bg5 22.Nc4 a4
23.Bg3 Nxg3 24.hxg3 Qc7 25.Kf2 Bf6 26.a3 Rab8 27.Rd2 Bd5 28.Rfd1 Rb5 29.Ne3 Rbb8
30.Bc4 Bc6 31.Ng4 Bg5 32.Rxd8+ Bxd8 33.Ne5 Be8 34.Rd2 Bf6 35.Ng4 Bg5 36.f4 Be7
37.Bd3 c4 38.Bxc4 h5 39.Ne5 h4 40.gxh4 Bxh4+ 41.g3 Bf6 42.Nf3 Bc6 43.Bd3 Bd5
44.Be4 Bc4 45.Bd3 Bd5 46.Be4 Bc4 47.Qe3 Be7 48.Kg2 Bf6 49.Bc2 Qc6 50.Qe4 Qb5
51.Qh7+ Kf8 52.Bxa4 Qb6 53.Qh8+  1-0

[Event "AUT-chT 9798"]
[Site "Austria"]
[Date "1997.11.07"]
[Round "3"]
[White "Steiner, Guenter"]
[Black "Watzka, Horst"]
[Result "1/2-1/2"]
[WhiteElo "2205"]
[BlackElo "2370"]

1.d4 Nf6 2.Bg5 Ne4 3.Bf4 c5 4.f3 Qa5+ 5.c3 Nf6 6.Nd2 cxd4 7.Nb3 Qb6 8.Qxd4 Qxd4
9.cxd4 d5 10.e3 Nc6 11.g4 e6 12.Rc1 Bb4+ 13.Kf2 O-O 14.Bb5 Bd7 15.a3 Be7
16.Nc5 Bxc5 17.Rxc5 Rfc8 18.Bd3 b6 19.Rc3 Na5  1/2-1/2

[Event "RUS-Cup01 Chigorin mem"]
[Site "St Petersburg"]
[Date "1997.11.09"]
[Round "9"]
[White "Sotsky, Alexander"]
[Black "Lopushnoy, Denis"]
[Result "0-1"]
[WhiteElo "2305"]
[BlackElo "2385"]

1.d4 Nf6 2.Bg5 Ne4 3.Bh4 d5 4.Nd2 c5 5.Nxe4 dxe4 6.dxc5 Qa5+ 7.c3 Qxc5 8.Qa4+ Nc6
9.e3 f5 10.Bg3 e5 11.h4 Be6 12.Nh3 h6 13.Be2 g6 14.Qb5 O-O-O 15.Ng1 a6 16.Qa4 Bd6
17.f4 exf4 18.exf4 g5 19.Nh3 Rhg8 20.hxg5 hxg5 21.Bf2 e3 22.Bg3 g4 23.Ng1 Bc7
24.Rh6 Rge8 25.Kf1 Rd2 26.Rb1 Bd5 27.b4 Qxc3 28.b5 Rxa2 29.Qd1 Rd2 30.Qa4 Ra2
31.Qd1 Rd2 32.Qa4 Rd4 33.Be1 Qxe1+ 34.Kxe1 Rxa4 35.bxc6  0-1

[Event "Bayern-chI Bank Hofmann"]
[Site "Bad Wiessee"]
[Date "1997.11.16"]
[Round "2"]
[White "Wachinger, Guenther"]
[Black "Ryba, Andreas"]
[Result "1-0"]
[WhiteElo "2250"]
[BlackElo "2165"]

1.d4 Nf6 2.Bg5 Ne4 3.Bf4 d5 4.e3 e6 5.Bd3 Nf6 6.Nf3 c5 7.c4 cxd4 8.exd4 Bd6
9.Bg5 dxc4 10.Bxc4 h6 11.Bh4 Bd7 12.O-O O-O 13.Qe2 Bc6 14.Ne5 Bd5 15.Bxd5 exd5
16.Nc3 Nc6 17.Rad1 Be7 18.Qb5 Qb6 19.Qxb6 axb6 20.Bxf6 gxf6 21.Nd7 Rfd8 22.Nxb6 Ra5
23.a3 f5 24.Rd3 Nxd4 25.Rxd4 Bc5 26.Rxd5 Bxb6 27.Rfd1 Rc8 28.Kf1 Kg7 29.R1d3 f4
30.Ke2 f3+ 31.Kxf3 Rac5 32.Na4 R5c6 33.Rd6 Ba7 34.Nc3 Rc5 35.R3d5 R5c7 36.Nb5 Rc2
37.Nxa7  1-0

[Event "Bayern-chI Bank Hofmann"]
[Site "Bad Wiessee"]
[Date "1997.11.20"]
[Round "6"]
[White "Breustedt, Werner"]
[Black "Ponater, Michael"]
[Result "1/2-1/2"]
[WhiteElo "2235"]
[BlackElo "2210"]

1.d4 Nf6 2.Bg5 Ne4 3.Bh4 d5 4.Nd2 Bf5 5.Nxe4 Bxe4 6.f3 Bg6 7.Nh3 f6 8.Nf4 Bf7
9.Nd3 Nc6 10.c3 e6 11.e3 Bd6 12.Be2 O-O 13.O-O Qc8 14.e4 Bg6 15.Nf2 Ne7 16.Bd3 Qd7
17.Re1 c6 18.e5 fxe5 19.Bxe7 Qxe7 20.Bxg6 hxg6 21.dxe5 Bc5 22.Qe2 Qg5 23.Kh1 Kf7
24.Nh3 Qh4 25.f4 Ke7 26.Rf1 Rh8 27.Rf3 Raf8 28.Raf1 Rf5 29.Rg3 Rh6 30.a4 Kf8
31.b4 Bb6 32.Rgf3 Rf7 33.Rd1 Kg8 34.c4 dxc4 35.Qxc4 g5 36.a5 Bc7 37.Rd4 g4
38.f5 Bxe5 39.Rxg4 Qe1+ 40.Rf1 Qc3 41.Qxc3 Bxc3 42.Rc4 Be5 43.Re1 Rxf5 44.a6 bxa6
45.g4 Rf3 46.Rxe5 Rfxh3 47.Re2 R3h4 48.Rg2 e5 49.Re4 Rd6 50.Kg1 Rd4 51.Rxd4 exd4
52.Rg3 Kf7 53.Kg2 Ke6 54.h3 Rh8 55.Ra3 Rd8 56.Kf2 d3 57.Ke1 Rd7 58.Rxa6 Kd5
59.Kd2 Kc4 60.Rxc6+ Kxb4  1/2-1/2

[Event "GER-ch"]
[Site "Gladenbach"]
[Date "1997.11.20"]
[Round "4"]
[White "Miltner, Arndt"]
[Black "Wahls, Matthias"]
[Result "0-1"]
[WhiteElo "2410"]
[BlackElo "2595"]

1.d4 Nf6 2.Bg5 Ne4 3.Bf4 c5 4.f3 Qa5+ 5.c3 Nf6 6.Nd2 cxd4 7.Nb3 Qf5 8.Bxb8 Rxb8
9.Qxd4 b6 10.e4 Qf4 11.Nh3 Qc7 12.e5 Ng8 13.Bd3 e6 14.O-O f5 15.Kh1 Nh6 16.Rfe1 Be7
17.Nd2 Nf7 18.a4 O-O 19.b4 d6 20.exd6 Bxd6 21.Nc4 Bxh2 22.f4 Bg3 23.Re2 Bh4
24.Rc1 Bb7 25.Ne5 Bf6 26.Qe3 Bxe5 27.fxe5 Nh6 28.Nf4 Ng4 29.Qg3 Rbe8 30.Bb1 Qf7
31.Ba2 g5 32.Nxe6 Rxe6 33.Rd1 Kh8 34.Rd6 Qh5+  0-1

[Event "BCF-chT 97/98 (4NCL)"]
[Site "GBR"]
[Date "1997.11.23"]
[Round "4"]
[White "Ashby, Anthony"]
[Black "Barnes, Michael"]
[Result "0-1"]
[WhiteElo "2265"]
[BlackElo "2240"]

1.d4 Nf6 2.Bg5 Ne4 3.Bf4 c5 4.f3 Qa5+ 5.c3 Nf6 6.Nd2 cxd4 7.Nb3 Qb6 8.cxd4 Nc6
9.e4 e5 10.dxe5 Bb4+ 11.Bd2 Nxe5 12.Bxb4 Qxb4+ 13.Qd2 Qxd2+ 14.Nxd2 d5 15.Bb5+ Bd7
16.Bxd7+ Kxd7 17.Ke2 dxe4 18.Nxe4 Nxe4 19.fxe4 Rac8 20.Rd1+ Ke7 21.Nf3 Rc2+
22.Rd2 Rxd2+ 23.Kxd2 Rd8+ 24.Ke2 Nd3 25.g3 b6 26.b3 Nc5 27.Nd2 Rd4 28.Rc1 h5
29.Ke3 Rd3+ 30.Ke2 Rd7 31.Ke3 h4 32.b4 Nd3 33.Rb1 hxg3 34.hxg3 Ne5 35.Rb3 Ke6
36.Rc3 b5 37.Nb3 Kf6 38.Nc5 Rd1 39.Na6 Nc4+ 40.Kf3 Rf1+ 41.Ke2 Ra1 42.Rc2 Ke5
43.Nc5 Rg1 44.Kf3 Kd4 45.Re2 Rf1+ 46.Kg2 Rb1 47.Na6 Ne3+ 48.Kf3 Rf1+ 49.Rf2 Rxf2+
50.Kxf2 Nd1+ 51.Kf3 Nc3  0-1

[Event "Iona Tech Masters"]
[Site "Kilkenny"]
[Date "1997.11.28"]
[Round "2"]
[White "Clarke, Thomas"]
[Black "O'Donovan, Richard"]
[Result "0-1"]
[WhiteElo "2210"]
[BlackElo "2280"]

1.d4 Nf6 2.Bg5 Ne4 3.h4 c5 4.dxc5 Qa5+ 5.Nd2 Nc6 6.c3 Nxd2 7.b4 Qa3 8.Qxd2 h6
9.Qc1 Qa4 10.Bd2 g6 11.e3 Bg7 12.Nf3 a5 13.b5 Ne5 14.Nxe5 Bxe5 15.f4 Bf6
16.Bd3 d5 17.cxd6 exd6 18.h5 Bf5 19.Bxf5 gxf5 20.Qb1 Qe4 21.Qxe4+ fxe4 22.Rc1 Rg8
23.Kf2 Rc8 24.c4 b6 25.Bc3 Bxc3 26.Rxc3 Rc5 27.Rcc1 Ke7 28.Rhd1 Rgc8 29.Rd4 d5
30.Rcd1 Rxc4 31.Rxd5 Rc2+ 32.R1d2 R8c4 33.Ke2 Rxd2+ 34.Kxd2 Ra4 35.Kc3 Rxa2
36.Re5+ Kd6 37.Rxe4 Rxg2 38.Rc4 Rh2 39.Rc6+ Kd5 40.Kd3 f5  0-1

[Event "Iona Tech Masters"]
[Site "Kilkenny"]
[Date "1997.11.28"]
[Round "6"]
[White "Orr, Mark J L"]
[Black "McShane, Luke J"]
[Result "1-0"]
[WhiteElo "2360"]
[BlackElo "2455"]

1.d4 Nf6 2.Bg5 Ne4 3.Bf4 c5 4.f3 Qa5+ 5.c3 Nf6 6.d5 Qb6 7.Bc1 e6 8.c4 Qa5+
9.Bd2 Qc7 10.Nc3 Bd6 11.e4 a6 12.Bd3 exd5 13.exd5 O-O 14.Nge2 Re8 15.a4 Bxh2
16.Qc2 g6 17.O-O-O Bd6 18.g4 b5 19.g5 b4 20.gxf6 bxc3 21.Bxc3 Be5 22.Bxg6 hxg6
23.Qd2 Bxc3 24.Rh8+  1-0

[Event "Hoogovens"]
[Site "Merrillville"]
[Date "1997.11.29"]
[Round "4"]
[White "Piket, Jeroen"]
[Black "Shaked, Tal"]
[Result "1/2-1/2"]
[WhiteElo "2630"]
[BlackElo "2500"]

1.d4 Nf6 2.Bg5 Ne4 3.Bf4 c5 4.d5 e6 5.f3 Nf6 6.Nc3 Nh5 7.Be3 d6 8.Qd2 Be7
9.Bf2 O-O 10.e3 Nf6 11.Bc4 Na6 12.Nge2 Nc7 13.e4 exd5 14.exd5 a6 15.a4 b6
16.Nf4 Bd7 17.h4 b5 18.Be2 bxa4 19.Nxa4 Bb5 20.c4 Bxa4 21.Rxa4 Nd7 22.b3 Re8
23.g3 Rb8 24.Ra3 g6 25.O-O Bf6 26.Bd1 Bg7 27.Nd3 Ne5 28.Nxe5 Bxe5 29.Ra2 Qf6
30.Kg2 Bc3 31.Qd3 a5 32.Rc2 Bd4 33.Bxd4 cxd4 34.Rd2 Na6 35.Qxd4 Qxd4 36.Rxd4 Nc5
37.Rd2  1/2-1/2

[Event "Oberliga Wuert9798"]
[Site "Wuerttemberg"]
[Date "1997.12.21"]
[Round "5"]
[White "Mohrlok, Dieter"]
[Black "Martynov, Pavel"]
[Result "1-0"]
[WhiteElo "2395"]
[BlackElo "2460"]

1.d4 Nf6 2.Bg5 Ne4 3.Bf4 d5 4.Nd2 Bf5 5.e3 e6 6.Bd3 Nd7 7.Bxe4 dxe4 8.Ne2 g5
9.Bg3 h5 10.h3 h4 11.Bh2 Bd6 12.c4 Bxh2 13.Rxh2 c5 14.Qa4 O-O 15.Qb3 Rb8
16.g3 Qc7 17.Rh1 Kh7 18.gxh4 gxh4 19.Nc3 Nf6 20.Nb5 Qa5 21.Qc3 Qxc3 22.bxc3 a6
23.Nd6 Bg6 24.f3 exf3 25.e4 cxd4 26.cxd4 Ne8 27.Nxe8 Rfxe8 28.Kf2 Rbc8 29.Rac1 f6
30.Kxf3 Re7 31.Ke3 Rec7 32.Rhf1 Kg7 33.Rg1 Kf7 34.Rgf1 Kg7 35.Rg1 Kf7 36.Rcf1 Rh8
37.Rf4 Rh6 38.Nf3 Bh5 39.Nd2 Bg6 40.c5 b6 41.Nb3 bxc5 42.dxc5 Ke7 43.e5 fxe5
44.Ra4 Rc6 45.Rb4 Kf6 46.Rb6 Rc7 47.c6 Be8 48.Na5 Rhh7 49.Rb7 e4 50.Rf1+ Kg5
51.Rc1 e5 52.Rxc7 Rxc7 53.Kxe4 Kf6 54.Kd5 Bg6 55.Kd6 Rc8 56.c7 Bf5 57.Nc6 Bxh3
58.Rh1 Bf5 59.Ne7 Be4 60.Rf1+  1-0

[Event "Ambasador op"]
[Site "Bern"]
[Date "1997.12.??"]
[Round "6"]
[White "Ballmer, Boris"]
[Black "Bucher, Denis"]
[Result "0-1"]
[WhiteElo "1866"]
[BlackElo "2148"]

1.d4 Nf6 2.Bg5 Ne4 3.h4 d5 4.Nd2 Nxg5 5.hxg5 g6 6.e3 Bg7 7.Bd3 e5 8.dxe5 Bxe5
9.Ndf3 Bxb2 10.Rb1 Bg7 11.Rb4 Bc3+  0-1

[Event "AUT-ch"]
[Site "Moesern"]
[Date "1997.??.12"]
[Round "13"]
[White "Casagrande, Harald"]
[Black "Hoelzl, Franz"]
[Result "1/2-1/2"]
[WhiteElo "2345"]
[BlackElo "2440"]

1.d4 Nf6 2.Bg5 Ne4 3.h4 c5 4.dxc5 Na6 5.Nf3 Naxc5 6.Qd4 d6 7.Nbd2 Nxd2 8.Bxd2 e5
9.Qe3 Be7 10.g3 O-O 11.Bg2 Bf5 12.c4 Qd7 13.O-O Bh3 14.Rfd1 Bxg2 15.Kxg2 b6
16.b4  1/2-1/2

[Event "Adelquis Remon"]
[Site "Adelquis Remon"]
[Date "1997.??.??"]
[Round "?"]
[White "Leyva, Ricardo"]
[Black "Vazquez, Renier"]
[Result "1-0"]
[WhiteElo "2250"]
[BlackElo "2360"]

1.d4 Nf6 2.Bg5 Ne4 3.Bf4 d5 4.f3 Nf6 5.e4 dxe4 6.fxe4 Nxe4 7.Qd3 Nd6 8.Nc3 Bf5
9.Qf3 e6 10.O-O-O Nd7 11.g4 Bg6 12.h4 h5 13.g5 c6 14.Bd3 Bxd3 15.Rxd3 g6
16.d5 cxd5 17.Nxd5 exd5 18.Qxd5 Qb6 19.Nf3 Rc8 20.Re1+ Kd8 21.Ne5 Nxe5 22.Qxe5 Qc5
23.Qf6+ Kd7 24.Qxf7+ Kc6 25.Qxg6 Qb4 26.Rc3+  1-0

[Event "NZD-ch"]
[Site "Auckland"]
[Date "1997.??.??"]
[Round "9"]
[White "Ker, Anthony F"]
[Black "Kulashko, Aleksei"]
[Result "1-0"]
[WhiteElo "2315"]
[BlackElo "2380"]

1.d4 Nf6 2.Bg5 Ne4 3.Bh4 g5 4.f3 gxh4 5.fxe4 c5 6.e3 cxd4 7.exd4 e5 8.Qh5 d6
9.Nf3 Rg8 10.dxe5 Bg4 11.Qxh7 Rg7 12.Qxh4 Qb6 13.Nc3 Qxb2 14.Kd2 Rg6 15.Rb1 Qa3
16.Rb3 Qa5 17.Kc1 Bh6+ 18.Kb1 Bxf3 19.Bb5+ Kf8 20.gxf3 a6 21.Bc4 dxe5 22.Nd5 Qc5
23.Rd1 Nc6 24.Nb6 Qd4 25.Rxd4 Rg1+ 26.Bf1 Rxf1+ 27.Kb2 Bc1+ 28.Kc3 exd4+
29.Kc4 Re8 30.Qh8+ Ke7 31.Nd5+ Kd8 32.Qf6+ Kc8 33.Qd6 Ne5+ 34.Kb4 Bd2+ 35.c3 Nc6+
36.Kc5  1-0

[Event "Barbera op"]
[Site "Barbera"]
[Date "1997.??.??"]
[Round "5"]
[White "Rosich, Alfred"]
[Black "Marcet Bisbale, Antonio"]
[Result "1/2-1/2"]
[WhiteElo "2265"]
[BlackElo "2340"]

1.d4 Nf6 2.Bg5 Ne4 3.Bf4 d5 4.f3 Nf6 5.c4 c5 6.Nc3 cxd4 7.Nb5 Na6 8.Qxd4 e6
9.O-O-O Bc5 10.Qc3 O-O 11.e4  1/2-1/2

[Event "Barbera op"]
[Site "Barbera"]
[Date "1997.??.??"]
[Round "8"]
[White "Rosich, Alfred"]
[Black "Bjerring, Kai"]
[Result "0-1"]
[WhiteElo "2265"]
[BlackElo "2315"]

1.d4 Nf6 2.Bg5 Ne4 3.Bf4 c5 4.dxc5 Qa5+ 5.Nd2 Nxd2 6.Qxd2 Qxc5 7.e4 d6 8.h3 Nc6
9.Nf3 g6 10.Be3 Qb4 11.Qxb4 Nxb4 12.Bb5+ Bd7 13.Bxd7+ Kxd7 14.Kd2 Bg7 15.c3 Nc6
16.Nd4 f5 17.exf5 Nxd4 18.Bxd4 Bxd4 19.cxd4 Raf8 20.Rhe1 Rxf5 21.f3 Rb5 22.b3 Rd5
23.Re4 e5 24.Rae1 Rc8 25.f4 Rxd4+ 26.Rxd4 exd4 27.Re4 Rc3 28.f5 gxf5 29.Rh4 Rg3
30.Rxh7+ Kc6 31.Rf7 Rxg2+ 32.Kd3 Rxa2 33.Rxf5 Rh2 34.Rh5 Rb2 35.Kxd4 Rxb3
36.h4 Rb4+ 37.Kc3 Rg4 38.Rh8 a5 39.h5 Kb5 40.h6 Rh4 41.Kd3 d5 42.Ke3 d4+
43.Kd3 Kb4  0-1

[Event "Regionalliga NW9798"]
[Site "Bayern"]
[Date "1997.??.??"]
[Round "?"]
[White "Stauch, Frank"]
[Black "Neubauer, Jaroslaus"]
[Result "1/2-1/2"]
[WhiteElo "2075"]
[BlackElo "1955"]

1.d4 Nf6 2.Bg5 Ne4 3.h4 d5 4.Nd2 Qd6 5.Nxe4 dxe4 6.Qd2 Nc6 7.O-O-O f6 8.Bf4 e5
9.dxe5 Qxd2+ 10.Rxd2 fxe5 11.Be3 Be7 12.g3 O-O 13.Bg2 Bf5 14.Nh3 h6 15.Rhd1 Rad8
16.Rxd8 Rxd8 17.Rxd8+ Bxd8 18.c3 Kf7 19.Ng1 b6 20.Bd2 Be7 21.c4 a5 22.Bc3 Bc5
23.e3 Nb4 24.Bxb4 Bxb4 25.f3 Be1 26.fxe4 Bf2 27.exf5 Bxe3+ 28.Kd1 Bxg1 29.Ke2 Kf6
30.Be4 Bd4 31.b3 h5 32.Kf3 Bc3 33.Ke2  1/2-1/2

[Event "Regionalliga SO9798"]
[Site "Bayern"]
[Date "1997.??.??"]
[Round "?"]
[White "Poellner, Ludwig"]
[Black "Reischl, Markus"]
[Result "1-0"]
[WhiteElo "2095"]
[BlackElo "2030"]

1.d4 Nf6 2.Bg5 Ne4 3.Bf4 c5 4.f3 Qa5+ 5.c3 Nf6 6.Nd2 cxd4 7.Nb3 Qb6 8.Qxd4 Nc6
9.Qxb6 axb6 10.e4 d5 11.Be3 dxe4 12.Bxb6 e5 13.Bb5 Be7 14.fxe4 Nxe4 15.Nf3 f6
16.O-O O-O 17.Bc4+ Kh8 18.Bd5 Nd6 19.a4 Nf5 20.a5 Bd7 21.Nfd2 Rfc8 22.Ne4 Bd8
23.Bxd8 Nxd8 24.Nec5 Rc7 25.Nxd7 Rxd7 26.Be4 Ne3 27.Rfe1 Nc4 28.Nc5 Rc7 29.b4 Nd6
30.Bd5 Ra7 31.Rad1 Ra8 32.a6 Rb8 33.axb7  1-0

[Event "Landesliga Nord9798"]
[Site "Bayern"]
[Date "1997.??.??"]
[Round "?"]
[White "Eiber, Manfred"]
[Black "Neuman, Petr"]
[Result "1/2-1/2"]
[WhiteElo "2205"]
[BlackElo "2385"]

1.d4 Nf6 2.Bg5 Ne4 3.Bf4 d5 4.e3 Bf5 5.Bd3 e6 6.Nd2 Nxd2 7.Qxd2 Bxd3 8.Qxd3 c6
9.Nf3 Qa5+ 10.c3 Qa6 11.Qxa6 Nxa6 12.O-O f6 13.Nd2 Kd7 14.e4 Be7 15.f3 h5
16.Rad1 g5 17.Be3 f5 18.exf5 exf5 19.Nb3 Rae8 20.Rfe1 Bf6 21.Nc1 Re7 22.Nd3 Rhe8
23.Bf2 Rxe1+ 24.Rxe1 Rxe1+ 25.Bxe1 b6 26.Bf2 Kd6 27.h4 gxh4 28.Nf4 c5 29.Nxh5 Bh8
30.Nf4 cxd4 31.cxd4 Nb4 32.Ng6 Bf6 33.Nxh4 Ke6 34.Ng6 Nd3 35.Be3 Kf7 36.Ne5+ Nxe5
37.dxe5 Bxe5 38.b3 f4 39.Bf2 d4 40.Kf1 d3 41.Ke1 Bc3+ 42.Kd1 Ke6 43.g4 fxg3
44.Bxg3 b5 45.a3 Bb2 46.Kd2 Bxa3  1/2-1/2

[Event "Landesliga Nord9798"]
[Site "Bayern"]
[Date "1997.??.??"]
[Round "?"]
[White "Graef, Harald"]
[Black "Neuman, Petr"]
[Result "1-0"]
[WhiteElo "2125"]
[BlackElo "2385"]

1.d4 Nf6 2.Bg5 Ne4 3.Bf4 d5 4.Nd2 Bf5 5.e3 e6 6.Nxe4 Bxe4 7.Nf3 Nd7 8.Bd3 c5
9.O-O Qb6 10.Bxe4 dxe4 11.Ne5 Nxe5 12.Bxe5 f6 13.dxc5 Bxc5 14.Bc3 O-O 15.Qg4 Qc6
16.Rfd1 b5 17.Bd4 Be7 18.b3 Rfd8 19.Bb2 Qxc2 20.Qxe6+ Kf8 21.Bd4 Rac8 22.Qf5 a6
23.Qxh7 Ba3 24.Qh8+ Kf7 25.Qh5+ Kg8 26.g3 Rd6 27.Kg2 Rcd8 28.Re1 Rd5 29.Qg4 Kf7
30.h4 g6 31.Qe2 Qc8 32.Rh1 Rf5 33.h5 Rf3 34.hxg6+ Kxg6 35.Rh4 Rh8 36.Rxh8 Qxh8
37.Qc2 Qe8 38.Rh1 Be7 39.Rh4 f5 40.Rh8 Qd7 41.Bb2 Bf6 42.Bxf6 Kxf6 43.Qc3+ Kg6
44.Rg8+  1-0

[Event "Landesliga Nord9798"]
[Site "Bayern"]
[Date "1997.??.??"]
[Round "?"]
[White "Jirovsky, Pavel"]
[Black "Bunk, Karsten"]
[Result "1-0"]
[WhiteElo "2350"]
[BlackElo "2085"]

1.d4 Nf6 2.Bg5 Ne4 3.h4 c5 4.dxc5 Qa5+ 5.Nd2 Na6 6.c3 Nxg5 7.hxg5 Qxc5 8.Ngf3 d6
9.e3 g6 10.Nb3 Qb6 11.Rh4 Bg7 12.Bc4 Nc5 13.Qe2 h5 14.gxh6 Rxh6 15.Rxh6 Bxh6
16.O-O-O Be6 17.Nbd4 Bxc4 18.Qxc4 Rd8 19.Nb3 Nxb3+ 20.axb3 Qc5 21.Qe4 Qc6
22.Qd4 Qc5 23.Qh8+ Bf8 24.b4 Qf5 25.Rd4 e5 26.Rd5 Qe4 27.Ra5 a6 28.Qh2 Kd7
29.Nd2 Qc6 30.e4 Kc8 31.Rd5 Qa4 32.Qh7 Qe8 33.Rd3 Qe6 34.Rf3 Rd7 35.Qg8 Qe8
36.Kc2 Kd8 37.Nc4 Bh6 38.Qh7 Bf8 39.Nb6 Rc7 40.Qh8 Be7 41.Qh3 f6 42.Qe6 Qb5
43.Qg8+ Qe8 44.Qxe8+ Kxe8 45.Nd5 Rc6 46.Rh3 Bd8 47.Rh8+ Kd7 48.Rh7+ Ke6 49.Rxb7 f5
50.f3 Bf6 51.Rc7 Rxc7 52.Nxc7+ Kd7 53.Nxa6 Kc6 54.c4 fxe4 55.fxe4 Kb6 56.b5 d5
57.exd5 e4 58.b4 Be5 59.Nc5  1-0